LEADER 04274nam 2200685 a 450 001 9910478937003321 005 20190627205000.0 010 $a0-7619-0433-6 010 $a1-322-41297-9 010 $a1-4522-2145-6 035 $a(CKB)2550000000105808 035 $a(EBL)996382 035 $a(OCoLC)809771827 035 $a(SSID)ssj0000675392 035 $a(PQKBManifestationID)12275712 035 $a(PQKBTitleCode)TC0000675392 035 $a(PQKBWorkID)10669421 035 $a(PQKB)10008532 035 $a(MiAaPQ)EBC996382 035 $a(OCoLC)960121247 035 $a(StDuBDS)EDZ0000085544 035 $a(EXLCZ)992550000000105808 100 $a20120521d1998 fy 0 101 0 $aeng 135 $aur|n|---||||| 181 $ctxt 182 $cc 183 $acr 200 10$aAfrican American children$b[electronic resource] $esocialization and development in families /$fShirley A. Hill 210 $aThousand Oaks, Calif. ;$aLondon $cSAGE$d1999 215 $a1 online resource (216 p.) 225 1 $aUnderstanding families ;$vv. 14 300 $aDescription based upon print version of record. 311 $a1-4522-2066-2 311 $a0-7619-0434-4 320 $aIncludes bibliographical references (p. 173-184) and index. 327 $aContents; Preface: Children: Our Raison d'e?tre; Acknowledgments; Chapter 1 - Childhood in Transition; Childhood in Colonial America; Childhood in Modern America; The Postindustrial Family Transition; Black Children: A Diversity of Experiences; Poverty and Parenthood: Single Mothers, Absent Fathers; Chapter 2 - Caste, Class, and Culture; Caste Analysis; Class Analyses: The Social Deficit Model; Class Analyses: Contemporary Perspectives; Cultural Analyses; Culture as Pathology; Culture as Strength; Child Socialization in Cultural Context 327 $aThe Underclass Controversy: A Reemergence of Culture as PathologyConclusions; Chapter 3 - Parenting Work; The Social Capital Perspective; Current Value Priorities; Education: Obstacles and Opportunities; Future Hopes of Parents; The Parenting Role; Discipline Strategies; Spanking and Child Abuse; Sexual Socialization; Reasons for Teen Sexuality; Sex Education and Birth Control; Intergenerational Changes; Conclusions; Chapter 4 - Racial Socialization; Parental Perceptions of Racial Barriers; Education and Racial Integration; Self-Esteem; Challenging Definitions of Blackness 327 $aRacial Socialization MessagesRedefining Physical Attractiveness; Self-Esteem Revisited; Conclusions; Conclusions; Chapter 5 - Gender Socialization; Theorizing About Gender; The Social Construction of Gender Among Blacks; Current Priorities and Future Hopes; Parenting Roles and Discipline; The Role of Gender in Child Rearing; The Organization of Gender in the Family; The Gender Dilemma of African Americans; Chapter 6 - Beyond the Nuclear Family; The Community; Extended Families; Do Children Benefit From Extended Family Participation?; The Demise of the Grandmother's Role; Religious Resources 327 $aPublic PolicyConclusions; Chapter 7 - Continuity and Change; Black Parenthood in Historical Perspective; Black Parenthood in Contemporary Perspective; Future Directions; Appendix A: Research Methodology; Appendix B: Interview Guide; Appendix C: Parenting Survey; References; Index; About the Author 330 8 $aA comprehensive exploration of historical and contemporary patterns of parenting in black families, this book focuses on how slavery, race, and black culture influenced the ways in which blacks parented their children. 410 0$aUnderstanding families ;$vv. 14. 606 $aAfrican American children 606 $aSocialization$zUnited States 606 $aAfrican American families 606 $aParenting$zUnited States 608 $aElectronic books. 615 0$aAfrican American children. 615 0$aSocialization 615 0$aAfrican American families. 615 0$aParenting 676 $a306.8508996073 676 $a306.87408996073 700 $aHill$b Shirley A$g(Shirley Ann),$f1947-$01035713 801 0$bStDuBDS 801 1$bStDuBDS 906 $aBOOK 912 $a9910478937003321 996 $aAfrican American children$92455567 997 $aUNINA LEADER 04005nam 2200697Ia 450 001 9910454071403321 005 20200520144314.0 010 $a1-281-94834-9 010 $a9786611948344 010 $a981-279-955-9 035 $a(CKB)1000000000537940 035 $a(EBL)1679280 035 $a(OCoLC)879023367 035 $a(SSID)ssj0000096563 035 $a(PQKBManifestationID)11515919 035 $a(PQKBTitleCode)TC0000096563 035 $a(PQKBWorkID)10081575 035 $a(PQKB)10497004 035 $a(MiAaPQ)EBC1679280 035 $a(WSP)00004867 035 $a(Au-PeEL)EBL1679280 035 $a(CaPaEBR)ebr10255403 035 $a(CaONFJC)MIL194834 035 $a(EXLCZ)991000000000537940 100 $a20020307d2001 uy 0 101 0 $aeng 135 $aurcn||||||||| 181 $ctxt 182 $cc 183 $acr 200 10$aAccounting in China in transition, 1949-2000$b[electronic resource] /$fAllen Huang, Ronald Ma 210 $aRiver Edge, N.J. $cWorld Scientific$dc2001 215 $a1 online resource (138 p.) 225 1 $aAccounting and business in Asia ;$vv. 2 300 $aDescription based upon print version of record. 311 $a981-02-4827-X 320 $aIncludes bibliographical references (p. 114-118) and index. 327 $aCONTENTS; Preface; Chapter 1 Introduction; Chapter 2 Brief History of Accounting in China up to 1949; 2.1 Indigenous Accounting Systems; 2.2 Adoption of Western Double-Entry Bookkeeping; PART A: ACCOUNTING IN MAO'S CHINA; Chapter 3 Establishment Phase: 1949 - 1957 327 $a3.1 Political Economic and Social Developments in the Establishment Phase 3.2 Business Enterprises under a Centrally-Planned Economy; 3.3 Development of New Accounting Systems and Practices Chapter 4 Great Leap Forward: 1958 - 1962 327 $a4.1 Political Motivation for and the Economic Outcome of the GLF 4.2 Accounting under the GLF; Chapter 5 Recovery Phase: 1963 - 1965; 5.1 Accounting in the Recovery Phase; Chapter 6 Cultural Revolution: 1966 - 1978; 6.1 Accounting under the CR; PART B: ACCOUNTING IN DENG'S CHINA 327 $aChapter 7 Political Scene in Deng's China 7.1 Marriage of Static Political System to Dynamic Economic Reform; 7.2 Cycles of Economic Reform in the 1980's; 7.3 Political Accommodation to Economic Reform ; 7.4 Communist Ideological Issues Revisited 327 $aChapter 8 Initial Economic Reform: 1978 - 1984 8.1 Economic Reform 1978-1984; 8.2 Accounting Development 1978-1984; Chapter 9 Planned Commodity Economy: 1984 - 1991; 9.1 Economic Reform 1984 - 1991 ; 9.2 Accounting Reform 1984 - 1991; Chapter 10 Socialist Market Economy Since 1992 327 $a10.1 Economic Reform since 1992 330 $aThe history of the People's Republic of China can be classified into two distinctive periods: Mao's China (1949-1978) and Deng's China (from 1979 to the present). Each period contains a number of sub-periods or phases, and each phase is characterised by one or more major political or economic events. This book gives an outline of the major events and the associated accounting changes over time. During the period of Mao's rule, China experienced two violent political mass movements, which inflicted great suffering on the nation. There were few accounting developments in this period. In contra... 410 0$aAccounting and business in Asia ;$vv. 2. 606 $aAccounting$zChina$xHistory$y20th century 606 $aFinance$zChina$xHistory$y20th century 608 $aElectronic books. 615 0$aAccounting$xHistory 615 0$aFinance$xHistory 676 $a657.0951 676 $a657/.0951/09045 676 $a657/095109045 700 $aHuang$b Allen$0952466 801 0$bMiAaPQ 801 1$bMiAaPQ 801 2$bMiAaPQ 906 $aBOOK 912 $a9910454071403321 996 $aAccounting in China in transition, 1949-2000$92153249 997 $aUNINA LEADER 01170nam 2200337 450 001 9910220085903321 005 20230807211428.0 010 $a0-8330-9215-4 035 $a(CKB)3710000000597558 035 $a(WaSeSS)IndRDA00125404 035 $a(EXLCZ)993710000000597558 100 $a20200708d2015 uy 0 101 0 $aeng 135 $aur||||||||||| 181 $ctxt$2rdacontent 182 $cc$2rdamedia 183 $acr$2rdacarrier 200 10$aResources and capabilities of the Department of Veterans Affairs to provide timely and accessible care to veterans /$fPeter Hussey 210 1$aSanta Monica, California :$cRAND Corporation,$d2015. 215 $a1 online resource (410 pages) 320 $aIncludes bibliographical references. 606 $aVeterans$xMedical care$zUnited States 615 0$aVeterans$xMedical care 676 $a362.1086970973 700 $aHussey$b Peter S.$01266570 801 0$bWaSeSS 801 1$bWaSeSS 906 $aBOOK 912 $a9910220085903321 996 $aResources and capabilities of the Department of Veterans Affairs to provide timely and accessible care to veterans$92974917 997 $aUNINA LEADER 02610nam0 22003851i 450 001 UON00071415 005 20231205102352.468 100 $a20020107g1982 |0itac50 ba 101 $aara 102 $aIT 105 $a|||| ||||| 200 1 $aˆ[‰Kitab nuzhat al-mustaq fi ihtiraq al-afaq]$dOpus geographicum sive Liber ad eorum delectationem qui terras peragrare studeant$fal-Idrisi (Abu Abd Allah Muhammad ibn Abd Allah ibn Idris al-Hammudi al-Hasani)$gconsilio et auctoritate E. Cerulli, F. Gabrieli, G. Levi della Vida, L. Petech, G. Tucci; una cum aliis ediderunt A. Bombaci, U. Rizzitano, R. Rubinacci, L. Veccia Vaglieri 205 $a2 ed 210 $aNeapoli$cIstituto Universitario Orientale ; Romae$cIstituto Italiano per il Medio ed Estremo Oriente$d1982- 215 $a v.$d28 cm 510 1$3UON00358940$aOpus geographicum. 517 1$3UON00435457$aLiber ad eorum delectationem qui terras peregrarare studeant 606 $aGeografia araba$3UONC021078$2FI 620 $aIT$dRoma$3UONL000004 620 $aIT$dNapoli$3UONL000012 676 $a911$cGeografia storica. Atlanti storici$v21 700 1$aˆal-‰Idr?s?$bMu?ammad Ibn-Mu?ammad$3UONV008948$01220044 712 $aIsMEO$3UONV246169$4650 712 $aR. Istituto Orientale in Napoli$3UONV265274$4650 790 0$aˆal-‰IDRISI$zal-Idr?s?, Mu?ammad Ibn-Mu?ammad$3UONV046314 801 $aIT$bSOL$c20260313$gRICA 912 $aUON00071415 950 $aSIBA - SISTEMA BIBLIOTECARIO DI ATENEO E ARCHIVIO STORICO$dSI VIII B 001/1 $eSI AA 10633 5 001/1 950 $aSIBA - SISTEMA BIBLIOTECARIO DI ATENEO E ARCHIVIO STORICO$dSI VIII B 001/2 $eSI AA 10634 5 001/2 950 $aSIBA - SISTEMA BIBLIOTECARIO DI ATENEO E ARCHIVIO STORICO$dSI VIII B 001/3 $eSI AA 10635 5 001/3 950 $aSIBA - SISTEMA BIBLIOTECARIO DI ATENEO E ARCHIVIO STORICO$dSI VIII B 001/1 doppio $eSI AA 12614 5 001/1 doppio 950 $aSIBA - SISTEMA BIBLIOTECARIO DI ATENEO E ARCHIVIO STORICO$dSI VIII B 001/8 $eSI AA 12615 5 001/8 950 $aSIBA - SISTEMA BIBLIOTECARIO DI ATENEO E ARCHIVIO STORICO$dSI VIII B 001/9 $eSI AA 12616 5 001/9 996 $aKitab nuzhat al-mustaq fi ihtiraq al-afaq$92821070 997 $aUNIOR